Расчет микромашин постоянного тока с постоянными магнитами: учебное пособие к курсовому и дипломному проектированию

Podrobná bibliografie
Hlavní autor: Лифанов В. А. Владимир Александрович
Korporativní autor: Челябинский политехнический институт (ЧелПИ)
Další autoři: Мармелев Г. Н. Григорий Никифорович
Jazyk:ruština
Vydáno: Челябинск, [Б. и.], 1978
Témata:
Médium: MixedMaterials Kniha
KOHA link:https://koha.lib.tpu.ru/cgi-bin/koha/opac-detail.pl?biblionumber=146890

MARC

LEADER 00000nam0a2200000 4500
001 146890
005 20231031144825.0
035 |a (RuTPU)RU\TPU\book\159223 
090 |a 146890 
100 |a 20081105d1978 m y0rusy50 ca 
101 0 |a rus 
102 |a RU 
105 |a a j 001zy 
200 1 |a Расчет микромашин постоянного тока с постоянными магнитами  |e учебное пособие к курсовому и дипломному проектированию  |f В. А. Лифанов, Г. Н. Мармелев  |g Челябинский политехнический институт 
210 |a Челябинск  |c [Б. и.]  |d 1978 
215 |a 109 с.  |c ил. 
320 |a Библиогр.: с. 105-107. 
610 1 |a микромашины постоянного тока 
610 1 |a расчет 
610 1 |a учебные пособия 
610 1 |a электрические машины 
610 1 |a бесконтактные двигатели 
610 1 |a двигатели постоянного тока 
675 |a 621.313.2(07.07)  |v 3 
700 1 |a Лифанов  |b В. А.  |g Владимир Александрович 
701 1 |a Мармелев  |b Г. Н.  |g Григорий Никифорович 
712 0 2 |a Челябинский политехнический институт (ЧелПИ)  |c (1951-1990)  |2 stltpush  |3 (RuTPU)RU\TPU\col\7924 
801 1 |a RU  |b 63413507  |c 20081105  |g PSBO 
801 2 |a RU  |b 63413507  |c 20180627  |g PSBO 
942 |c BK